|
|
|
|
| LEADER |
00000nab a2200000 a 4500 |
| 001 |
vtls000246250 |
| 003 |
SK-MaSNL |
| 005 |
20260304074136.0 |
| 008 |
250422c1986 xo 0 slo |
| 015 |
|
|
|a SNBRB19rr/mm-uuuuu
|
| 035 |
|
|
|a CL0256364
|
| 035 |
|
|
|a urn:nbn:sk:snk-abd0ln
|
| 035 |
|
|
|a (urnnbn)urn:nbn:sk:snk:ar-006uuc
|
| 035 |
|
|
|a (uuid)0b687380-34f2-40bf-aafe-864c458b0e88
|
| 040 |
|
|
|a SNKBUCL
|b slo
|c SNKBUCL
|e AACR2
|
| 041 |
0 |
|
|a slo
|
| 044 |
|
|
|a xo
|c SK
|
| 080 |
|
|
|a 681.3
|2 1981
|
| 080 |
|
|
|a 621.38
|2 1981
|
| 100 |
1 |
|
|a Brakl, E.
|4 aut
|9 1332776
|
| 245 |
1 |
0 |
|a Köstner, R. - Möschwitzer, A.: Elektronische Schaltungstechnik
|c E. Brakl ; R. Köstner, A. Möschwitzer
|
| 650 |
0 |
7 |
|a výpočtová technika
|2 snkbucl
|9 1126
|
| 650 |
0 |
7 |
|a digitálna technika
|2 snkbucl
|9 66696
|
| 650 |
0 |
7 |
|a analógová technika
|2 snkbucl
|9 78561
|
| 655 |
|
7 |
|a články z novín a časopisov
|2 snkbucl
|9 267496
|
| 700 |
1 |
|
|a Köstner, R.
|4 aut
|9 1155360
|
| 700 |
1 |
|
|a Möschwitzer, A.
|4 aut
|9 1009299
|
| 773 |
0 |
|
|t Elektrotechnický časopis
|g Roč. 37, č. 2 (1986), s. 164
|
| 787 |
0 |
8 |
|i Rec.:
|a Köstner, R.
|t Elektronische Schaltungstechnik
|d Berlin : VEB Verlag Technik, 1985
|
| 850 |
|
|
|a Slovenská národná knižnica
|
| 852 |
|
|
|a Slovenská národná knižnica
|
| 954 |
|
|
|a odborná, vedecká literatúra pôvodná (slovenská)
|2 lita
|
| 958 |
|
|
|a article17
|
| 958 |
|
|
|a RK
|
| 958 |
|
|
|a DE
|
| 958 |
|
|
|a OND
|
| 958 |
|
|
|a EUIPO
|
| 992 |
|
|
|a RBX
|
| 999 |
|
|
|c 2774813
|d 2776743
|